000 00622nam a2200217 a 4500
001 1844802
005 20180202044432.0
008 810909s1981 kyuacf b 001 0 eng
010 _a 81080559
040 _aDLC
_cDLC
_dDLC
041 _aeng
043 _an-us-ky
080 _a630.71176947 SMI
082 0 0 _a630.71176947 SMI
_219
100 1 _a9
101 _aMJE
245 1 4 _aThe College of Agriculture of the University of Kentucky :
_cJ. Allan Smith.
504 _aBibliography: p. [507]-514.
906 _a7
_bcbc
_corignew
_d2
_eopcn
_f19
_gy-gencatlg
942 _2ddc
_cBK
999 _c41613
_d41613